Normale Ansicht MARC-Ansicht ISBD

Edinaja platežnaja sistema stran Evropejskogo Sojuza (Titelsatznr. 14866)

[ MARC ]
MARC-Details
000 -Satzkennung
Kontrollfeld mit fester Länge 00490nam a22001811c 4500
001 - Kontrollnummer
Kontrollfeld a987655094
008 - Feld mit fester Länge zur physischen Beschreibung - Allgemeine Angaben
Kontrollfeld mit fester Länge 070221s2006 gw |||| 000u rus d
020 ## - Internationale Standardbuchnummer
Internationale Standardbuchnummer 590068508x
Verknüpfung 5-900685-08-x
041 ## - Sprachcode
Sprachcode des Textes/der Tonspur oder des separaten Titels rus
040 ## - Katalogisierungsquelle
Übertragungsstelle RU-10907106
003 - Kontrollnummer Identifier
Kontrollfeld RU-10907106
100 1# - Haupteintragung - Personenname
Personenname Chomjakova, Ljubov' I.
245 00 - Titel
Titel Edinaja platežnaja sistema stran Evropejskogo Sojuza
264 ## - Produktion, Veröffentlichung, Distribution, Herstellung und Urheberrechtsvermerk
Herstellungs-, Veröffentlichungs- Vertriebs-, Erzeugungsort Brjansk :
Produzent, Herausgeber, Distributor, Hersteller Ladomir,
Datum der Herstellung, der Veröffentlichung, des Vertriebs oder des Urheberschutzvermerks 2006
300 ## - Physische Beschreibung
Umfang 140 S.
700 1# - Nebeneintragung - Personenname
Personenname Krasavina, Lidija N.
Funktionsbezeichnung HerausgeberIn
942 ## - Zusätzliche Felder (Koha)
Koha-Medientyp Monographien
Exemplare
Ausgeschieden Verloren Klassifikation oder Aufstellungssystematik Beschädigt Nicht entleihbar Heimatbibliothek Aufenthaltsbibliothek Aufstellungsort Erwerbungsdatum Inventarnummer Signatur Barcode Letzte Aktivität Preis gültig von Koha-Medientyp
    Andere/Generische Klassifikation     MWN Osteuropa MWN Osteuropa Lesesaal - 1 21/02/2007 07-00383 W 66 C q Chom E0040150790F0630 23/02/2021 22/03/2021 Monographien